[Event "Chioggia op-B 07th"]
[Site "Chioggia"]
[Date "2012.10.14"]
[Round "4"]
[White "Buranelli, Matteo"]
[Black "Alfier, Cecilia"]
[Result "0-1"]
[WhiteElo "1759"]
[BlackElo "1653"]
[PlyCount "74"]
[EventDate "2012.10.12"]
[EventType "swiss"]
[EventRounds "5"]
[EventCountry "ITA"]
[SourceTitle "EXT 2022"]
[Source "ChessBase"]
[SourceDate "2021.10.06"]
[SourceVersion "1"]
[SourceVersionDate "2021.10.06"]
[SourceQuality "1"]

1. d4 d5 2. c4 e6 3. Nc3 Nf6 4. Bg5 c6 5. a3 Nbd7 6. e3 h6 7. Bh4 Be7 8. Nf3 Qc7 9. Bd3 0-0 10. 0-0 Bd6 11. c5 Be7 12. Bg3 Qd8 13. Ne5 a5 14. Nxd7 Bxd7 15. Na4 Be8 16. Nb6 Ra7 17. f4 Nd7 18. Nxd7 Bxd7 19. Qf3 a4 20. Be1 b6 21. Bb4 bxc5 22. dxc5 Bf6 23. Rab1 e5 24. fxe5 Bxe5 25. b3 axb3 26. Rxb3 Be6 27. Rbb1 Qg5 28. Rf2 Bg4 29. Qf5 Bxf5 30. Bxf5 Qxe3 31. Re1 Qd4 32. Kf1 Qc4+ 33. Rfe2 Bxh2 34. Bd2 Re7 35. Bg4 Rfe8 36. Kf2 Rxe2+ 37. Rxe2 Qd4+ 0-1

[Event "Chioggia op-B 07th"]
[Site "Chioggia"]
[Date "2012.10.12"]
[Round "1"]
[White "Tonina, Alessia"]
[Black "Buranelli, Matteo"]
[Result "0-1"]
[WhiteElo "1670"]
[BlackElo "1759"]
[PlyCount "78"]
[EventDate "2012.10.12"]
[EventType "swiss"]
[EventRounds "5"]
[EventCountry "ITA"]
[SourceTitle "EXT 2022"]
[Source "ChessBase"]
[SourceDate "2021.10.06"]
[SourceVersion "1"]
[SourceVersionDate "2021.10.06"]
[SourceQuality "1"]

1. c4 Nf6 2. g3 e5 3. Bg2 d6 4. Nc3 Be7 5. d3 c6 6. Nf3 Bg4 7. 0-0 Qd7 8. Re1 Bh3 9. Bg5 Bxg2 10. Kxg2 h6 11. Bxf6 Bxf6 12. e3 Na6 13. d4 Qe6 14. d5 Qd7 15. Qe2 c5 16. Nd2 h5 17. Rh1 h4 18. Nde4 h3+ 19. Kf1 Be7 20. Ke1 f5 21. Nd2 Nb4 22. Nb3 e4 23. a3 Nd3+ 24. Kd1 Bf6 25. a4 Qc7 26. Nc1 Ne5 27. Nb5 Qd7 28. Qf1 a6 29. Nc3 Nf3 30. N1e2 Qc7 31. Rb1 Qb6 32. Kc2 Qb4 33. b3 b5 34. axb5 axb5 35. cxb5 Ke7 36. Qe1 Ra7 37. Qf1 Rha8 38. Qxh3 Ra2+ 39. Rb2 c4 0-1

[Event "Chioggia op-B 06th"]
[Site "Chioggia"]
[Date "2011.10.09"]
[Round "4"]
[White "Boscolo Camiletto, Andrea"]
[Black "Buranelli, Matteo"]
[Result "1/2-1/2"]
[WhiteElo "1750"]
[BlackElo "1581"]
[PlyCount "130"]
[EventDate "2011.10.07"]
[EventType "swiss"]
[EventRounds "5"]
[EventCountry "ITA"]
[SourceTitle "EXT 2022"]
[Source "ChessBase"]
[SourceDate "2021.10.06"]
[SourceVersion "1"]
[SourceVersionDate "2021.10.06"]
[SourceQuality "1"]

1. e4 d6 2. d4 Nf6 3. Nc3 Nbd7 4. Nf3 e5 5. Bc4 Be7 6. 0-0 0-0 7. h3 exd4 8. Nxd4 Ne5 9. Be2 a6 10. f4 Ned7 11. a4 c6 12. Bf3 Nb6 13. Qe2 d5 14. e5 Bc5 15. Rd1 Re8 16. Kh1 Nc4 17. b3 Nb6 18. Be3 Nfd7 19. a5 Bxd4 20. Bxd4 c5 21. Bf2 d4 22. Nb1 Nxe5 23. fxe5 Nd5 24. Bxd5 Qxd5 25. Re1 Bxh3 26. Qf3 Qxf3 27. gxf3 Rad8 28. Nd2 Re6 29. Bg3 Bf5 30. Ne4 Rh6+ 31. Kg2 Rg6 32. Kf2 h6 33. Rac1 d3 34. Rcd1 Rc6 35. Rxd3 Rxd3 36. cxd3 Be6 37. Rc1 Bxb3 38. Rxc5 Rxc5 39. Nxc5 Bd5 40. f4 Kf8 41. Bh4 Ke8 42. Ke3 g6 43. Kd4 Bc6 44. Bf6 h5 45. Kc4 Bb5+ 46. Kc3 Bc6 47. d4 Bd5 48. Kb4 Bc6 49. Bg5 Kf8 50. Nxa6 bxa6 51. Kc5 Bb5 52. Kd6 Ke8 53. d5 Bc4 54. Kc5 Bb5 55. Kd6 Bd7 56. Bf6 Bb5 57. e6 fxe6 58. Kxe6 Bd7+ 59. Kd6 Bg4 60. Be7 Bd7 61. Bh4 Bb5 62. Ke6 Bd7+ 63. Kf6 Bf5 64. Be1 Kd7 65. Ke5 Bb1 1/2-1/2

[Event "Chioggia op-B 06th"]
[Site "Chioggia"]
[Date "2011.10.09"]
[Round "5"]
[White "Buranelli, Matteo"]
[Black "De Marchi, Alessandro"]
[Result "1-0"]
[WhiteElo "1581"]
[BlackElo "1693"]
[PlyCount "45"]
[EventDate "2011.10.07"]
[EventType "swiss"]
[EventRounds "5"]
[EventCountry "ITA"]
[SourceTitle "EXT 2022"]
[Source "ChessBase"]
[SourceDate "2021.10.06"]
[SourceVersion "1"]
[SourceVersionDate "2021.10.06"]
[SourceQuality "1"]

1. e4 c5 2. Nf3 Nc6 3. Be2 e6 4. 0-0 a6 5. d4 cxd4 6. Nxd4 Qc7 7. Nxc6 bxc6 8. c4 Nf6 9. Nc3 Be7 10. f4 d6 11. Be3 0-0 12. Qe1 Rb8 13. Rb1 Rd8 14. Qg3 Kh8 15. e5 Ne8 16. b3 d5 17. cxd5 exd5 18. Rbd1 Bb7 19. f5 c5 20. Bf4 d4 21. Na4 Bc8 22. Bd3 Bd7 23. e6 1-0

[Event "Mogliano Veneto op-C 32nd"]
[Site "Mogliano Veneto"]
[Date "2011.05.01"]
[Round "4"]
[White "Cavicchia, Silvio"]
[Black "Buranelli, Matteo"]
[Result "0-1"]
[WhiteElo "1557"]
[BlackElo "1551"]
[PlyCount "75"]
[EventDate "2011.04.29"]
[EventType "swiss"]
[EventRounds "5"]
[EventCountry "ITA"]
[SourceTitle "EXT 2024"]
[Source "ChessBase"]
[SourceDate "2023.10.10"]
[SourceVersion "1"]
[SourceVersionDate "2023.10.10"]
[SourceQuality "1"]

1. c4 d6 2. Nc3 Nf6 3. Nf3 g6 4. g3 Bg7 5. Bg2 0-0 6. d4 Nc6 7. 0-0 Bg4 8. e3 Qd7 9. Qa4 Qc8 10. Ng5 Bd7 11. Qc2 h6 12. Nf3 Bh3 13. a3 Bxg2 14. Kxg2 e5 15. d5 Nb8 16. Bd2 Nbd7 17. Nh4 Re8 18. e4 Kh7 19. Rae1 h5 20. Qd1 Nc5 21. Qc2 Bh6 22. Bxh6 Kxh6 23. b4 Ncd7 24. Qd2+ Kh7 25. f4 Ng4 26. f5 Rf8 27. Qg5 Qe8 28. Rf3 Nh6 29. Ref1 Rg8 30. f6 Nb6 31. c5 Nc4 32. Nb5 Qxb5 33. cxd6 cxd6 34. Rc3 Rac8 35. Rfc1 Ng4 36. h3 Nce3+ 37. Kf3 Rxc3 38. Rxc3 0-1

[Event "Chioggia op-B 05th"]
[Site "Chioggia"]
[Date "2010.10.10"]
[Round "4"]
[White "Bozzao, Francesco"]
[Black "Buranelli, Matteo"]
[Result "1/2-1/2"]
[WhiteElo "1893"]
[BlackElo "1506"]
[PlyCount "33"]
[EventDate "2010.10.08"]
[EventType "swiss"]
[EventRounds "5"]
[EventCountry "ITA"]
[SourceTitle "EXT 2022"]
[Source "ChessBase"]
[SourceDate "2021.10.06"]
[SourceVersion "1"]
[SourceVersionDate "2021.10.06"]
[SourceQuality "1"]

1. e4 e5 2. Nf3 Nc6 3. Bb5 a6 4. Ba4 b5 5. Bb3 Na5 6. Bxf7+ Kxf7 7. Nxe5+ Ke6 8. d4 Nf6 9. Qf3 d6 10. d5+ Ke7 11. Nd3 Nc4 12. Qf4 Kf7 13. b3 Ne5 14. Nxe5+ dxe5 15. Qf3 Bd6 16. Bg5 Rf8 17. Bxf6 1/2-1/2

[Event "Chioggia op-B 05th"]
[Site "Chioggia"]
[Date "2010.10.09"]
[Round "3"]
[White "Chiereghin, Franco"]
[Black "Buranelli, Matteo"]
[Result "1/2-1/2"]
[WhiteElo "1756"]
[BlackElo "1506"]
[PlyCount "83"]
[EventDate "2010.10.08"]
[EventType "swiss"]
[EventRounds "5"]
[EventCountry "ITA"]
[SourceTitle "EXT 2022"]
[Source "ChessBase"]
[SourceDate "2021.10.06"]
[SourceVersion "1"]
[SourceVersionDate "2021.10.06"]
[SourceQuality "1"]

1. f4 Nc6 2. Nf3 Nf6 3. b3 e6 4. Bb2 Be7 5. e3 a6 6. Be2 0-0 7. 0-0 Ng4 8. h3 Nh6 9. g4 f5 10. g5 Nf7 11. d4 d5 12. c4 Nd6 13. Nbd2 Bd7 14. Ne5 Nxe5 15. dxe5 Ne4 16. Qc2 Ng3 17. Rf2 Nxe2+ 18. Rxe2 c6 19. c5 Be8 20. Nf1 Bg6 21. Ng3 h6 22. h4 hxg5 23. hxg5 Kf7 24. Rh2 Rh8 25. Rxh8 Qxh8 26. Kg2 Qh4 27. Bd4 Qg4 28. Rh1 Bxg5 29. fxg5 f4 30. Qf2 Be4+ 31. Kg1 Qxg3+ 32. Qxg3 fxg3 33. Rh4 Kg6 34. Rg4 g2 35. Rxe4 dxe4 36. Kxg2 Kxg5 37. a4 b5 38. cxb6 Rb8 39. a5 Rb7 40. Bc5 Kf5 41. Bd6 Kg4 42. Bc7 1/2-1/2

[Event "Noale Szabados Memorial-B 3rd"]
[Site "Noale"]
[Date "2010.02.07"]
[Round "4"]
[White "Buranelli, Matteo"]
[Black "Sconamiglio, Enrico"]
[Result "0-1"]
[WhiteElo "1473"]
[BlackElo "1464"]
[PlyCount "82"]
[EventDate "2010.02.05"]
[EventType "swiss"]
[EventRounds "5"]
[EventCountry "ITA"]
[SourceTitle "EXT 2022"]
[Source "ChessBase"]
[SourceDate "2021.10.06"]
[SourceVersion "1"]
[SourceVersionDate "2021.10.06"]
[SourceQuality "1"]

1. e4 c5 2. f4 Nc6 3. Nf3 g6 4. Bc4 e6 5. Nc3 Bg7 6. 0-0 Nge7 7. d3 Na5 8. Nd2 Nxc4 9. Nxc4 d5 10. exd5 exd5 11. Ne5 0-0 12. Qf3 a6 13. Bd2 Be6 14. Ne2 Qc8 15. Qf2 d4 16. Ng3 Nc6 17. Ne4 Nxe5 18. fxe5 Bxe5 19. Nf6+ Bxf6 20. Qxf6 Qd8 21. Qf3 Bd5 22. Qf2 Qd7 23. Rae1 c4 24. Bh6 f5 25. Bxf8 Rxf8 26. Qxd4 Qc6 27. Rf2 b5 28. Rfe2 Bf7 29. Re5 Qf6 30. Qc5 f4 31. Qf2 cxd3 32. cxd3 Bxa2 33. d4 Bf7 34. Qf3 g5 35. g3 h6 36. gxf4 gxf4 37. Qh3 f3 38. Kf2 Kh8 39. Qxf3 Qh4+ 40. Ke2 Bc4+ 41. Ke3 Qxe1+ 0-1